| 000 | 01215nam a2200337 a 4500 | ||
|---|---|---|---|
| 999 |
_c8513 _d8513 |
||
| 001 | 8513 | ||
| 003 | BD-JhCC | ||
| 005 | 20180226184419.0 | ||
| 008 | 180226s19641964p ab b 001 0 eng d | ||
| 035 | _a(BD-JhCC)8513 | ||
| 035 | _a(OCoLC)07277845 | ||
| 035 | _aGLIS00386190 | ||
| 040 |
_aBD-JhCC _cDLC _dBD-JhCC _dMYG |
||
| 041 | _aeng | ||
| 050 | 0 |
_aHT395.P32 _bS568 1977 |
|
| 082 | _bLAM 1964 | ||
| 099 | _aHT395.P32.S568 1977 | ||
| 100 | _aLambrick, H. T. | ||
| 110 | 2 | _aUnited Nations Centre for Regional Development. | |
| 245 | 1 | 0 |
_aSind : _bA General Introduction / _cH. T. Lambrick, |
| 260 |
_aPakistan : _bSindi Adabi Boardt, _c[1964] |
||
| 300 |
_a274 p. : _bill., maps ; _c22 cm. |
||
| 490 | _aHistory of Sid Series | ||
| 500 | _a"UNCRD TD-6." | ||
| 504 | _aIncludes bibliographical references. | ||
| 505 | 0 | _av. 1, pt. 1-2. Present situation.--v. 2. Plan formulation, projection, objectives and targets.--v. 3, pt. 1-2. Plan formulation, strategies, programmes and projects.--v. 4. Implementation. | |
| 650 | 0 |
_aRegional planning _zPakistan _zSindh. |
|
| 942 |
_2ddc _cBK |
||
| 949 |
_aMYGR _v1 _w1 _b39080005648800 _w2 _b39080005648818 |
||